| 000 | 00467nam a22001697a 4500 | ||
|---|---|---|---|
| 999 |
_c527190 _d527190 |
||
| 003 | NUST | ||
| 005 | 20190723064732.0 | ||
| 008 | 190723b ||||| |||| 00| 0 eng d | ||
| 020 |
_a978-93-5014-403-9 _qPapercover. |
||
| 038 | _aArshad. | ||
| 082 |
_a627 _bKHA |
||
| 100 |
_aKhan, Mohd. Umar _918329 |
||
| 245 |
_aHydraulics and Hydraulic Machines / _cMohd. Umar Khan |
||
| 260 |
_aNew Delhi : _bS.K. Kataria & Sons, _c2017. |
||
| 300 | _a305 p. ; | ||
| 942 |
_2ddc _cBK |
||